Patterns of endemism in the tropics: testing competing models by integrating biogeographic and molecular data (Registro nro. 10015)

Detalles MARC
000 -CABECERA
Campo de control 004650000a22001450004500
090 ## - CLASIFICACIÓN LOCAL
Colección AR
Consecutivo 00927
041 0# - IDIOMA
Código de idioma para texto/pista de sonido o título separado
100 1# - ASIENTO PRINCIPAL--NOMBRE PERSONAL
Nombre personal Fjeldsa, Jon
245 10 - MENCION DE TITULO
Título Patterns of endemism in the tropics: testing competing models by integrating biogeographic and molecular data
650 14 - ASIENTO SECUNDARIO DE MATERIA - TERMINO TEMATICO
Término temático o nombre geográfico como elemento de entrada Endemismo
650 14 - ASIENTO SECUNDARIO DE MATERIA - TERMINO TEMATICO
Término temático o nombre geográfico como elemento de entrada Biogeografía
650 14 - ASIENTO SECUNDARIO DE MATERIA - TERMINO TEMATICO
Término temático o nombre geográfico como elemento de entrada Aves
773 1# - Item fuente:
Título Conservation of Biodiversidad in Africa
Especificación de materiales 332
Paginas del Articulo 37-45
Lugar, editorial y fecha de publicación 1995?
942 ## - ELEMENTOS ADICIONALES (KOHA)
Tipo de ítem Artículo
Existencias
Withdrawn status Lost status Damaged status No para préstamo Colección Ubicación Permanente Ubicación actual Fecha de adquisición Fuente de Valor Datos de publicación Seriada Total Checkouts Número topográfico Inventario / Código de Barras Date last seen Ejemplar Price effective from Forma de adquisición Tipo de material
      No para Préstamo Hemeroteca Bogotá Bogotá 27/02/2015 Curso indicadores Fuera de circulación   AR 00927 011223 25/03/2015 1 25/03/2015   Artículo